00978nam a22002777a 4500003000400000005001700004008004100021020001500062040002300077041000800100050002400108100003300132245006300165260004700228300005300275500007600328504004300404650004100447650006400488650003100552650002800583650002400611650003300635942001500668999001700683OSt20260530115319.0260508b |||||||| |||| 00| 0 eng d a3929638703 aICIbspacICIerda aeng aNK2195.E9bT73 2002 aMorgan, Conway Lloyd.93416410aTrade fair design annual 2002/2003 /cConway Lloyd Morgan. aLudwigsburg, Germany :bAV Edition,c2002. a240 páginas :bilustraciones a color ;c31 cm. aAnuario internacional de diseño de ferias y exposiciones comerciales. aIncluye referencias bibliográficas.  4aFerias comercialesxDiseño.934165 4aExposiciones comercialesxDiseño y construcción.934166 4aDiseño de stands.934167 4aArquitectura efímera. 4aDiseño comercial. 4aMercadotecnia visual.934170 2lcccBKn1 c13709d13709